Plastics process engineering (Record no. 31907)

MARC details
000 -LEADER
fixed length control field 00272nam a2200109Ia 4500
082 ## - DEWEY DECIMAL CLASSIFICATION NUMBER
Classification number 678.5:66
Item number THR
100 ## - MAIN ENTRY--AUTHOR NAME
Personal name James L
245 #0 - TITLE STATEMENT
Title Plastics process engineering
260 ## - PUBLICATION, DISTRIBUTION, ETC. (IMPRINT)
Place of publication New York
Name of publisher Marcel Dekker
Year of publication 1979
942 ## - ADDED ENTRY ELEMENTS (KOHA)
Koha item type Books
Holdings
Withdrawn status Lost status Damaged status Not for loan Home library Current library Date acquired Full call number Accession Number Koha item type
        RRII Library RRII Library 16/12/2021 678.5:66 THR 12439 Books